000 00351nam a2200145Ia 4500
008 210210b1919 xxu||||| |||| 00| 0 eng d
041 _aeng
082 _a886/57
100 _aSHASTRI (Shridhara) Ed
245 _aKenOpanishat
260 _aPoona
_bOriental Books
_c1919
650 _aKenOpanishat
690 _aSanskrit Criticism
906 _a024564
999 _c150104
_d150104